Statistics for Countries With Largest Silver Production

Click here to take the quiz!

General Stats

  • This quiz has been taken 27 times
  • The average score is 5 of 8

Answer Stats

#Answer% Correct
3China
96%
5Russia
92%
5Australia
69%
1Mexico
65%
8Bolivia
50%
4Chile
50%
2Peru
46%
5Poland
35%

Score Distribution

Percentile by Number Answered

Percent of People with Each Score

Your Score History

You have not taken this quiz